Mord und Mordversuch durch Bier beigemengter Nikotinlösung [különlenyomat] /

Elmentve itt :
Bibliográfiai részletek
Szerzők: Kósa Ferenc
Fazekas István Gyula
Dokumentumtípus: Cikk
Megjelent: 1972
Sorozat:Kolligátum
Kulcsszavak:Igazságügyi orvostan, Mérgezés - nikotin
Online Access:http://misc.bibl.u-szeged.hu/26642
LEADER 00643nab a2200181 i 4500
001 misc26642
005 20191108145932.0
008 170825s1972 hu o 0|| zxx d
040 |a SZTE Miscellanea Repozitórium  |b hun 
041 |a zxx 
100 1 |a Kósa Ferenc 
245 1 0 |a Mord und Mordversuch durch Bier beigemengter Nikotinlösung   |h [elektronikus dokumentum] :  |b [különlenyomat] /  |c  Kósa Ferenc 
260 |c 1972 
300 |a 83-92 
490 0 |a Kolligátum 
695 |a Igazságügyi orvostan, Mérgezés - nikotin 
700 0 1 |a Fazekas István Gyula  |e aut 
856 4 0 |u http://misc.bibl.u-szeged.hu/26642/1/019_010_083-092.pdf  |z Dokumentum-elérés